| 000 | 00584nam a22001577a 4500 | ||
|---|---|---|---|
| 999 |
_c534254 _d534254 |
||
| 020 | _qHard Cover. | ||
| 082 | _a620.5 | ||
| 100 | _aQazi, Farah | ||
| 245 |
_aBiogenic Synthesis of Palladium Nanoparticles using Malus Domestic and Extract and their Catalytic Activity towards the Suzuki Coupling Reactions / _cFarah Qazi. |
||
| 260 |
_aIslamabad: _bSCME - NUST, _c2017. |
||
| 300 |
_a62 p. : _bill. ; _c30cm. |
||
| 942 |
_2ddc _cTHE |
||
| 650 |
_aNano Science Engineering MS-Thesis. _916381 |
||
| 700 |
_aDr. Zakir Hussain _916137 |
||